Rupaul's Drag Race S06 - Statistics

Estatísticas Gerais
  • Esse quiz foi jogado 14 vezes
  • A pontuação média é 12 de 14
Estatísticas das Respostas
Hint Resposta % Correto
Runner-Up Adore Delano
100%
5th BenDeLaCreme
100%
1st Bianca Del Rio
100%
Runner-Up Courtney Act
93%
8th Laganja Estranja
93%
4th Darienne Lake
86%
6th Joslyn Fox
86%
11th April Carrion
79%
10th Gia Gunn
79%
7th Trinity K Bonet
79%
12th Vivacious
79%
13th Kelly Mantle
71%
14th Magnolia Crawford
71%
9th Milk
71%
Nenhum quiz correspondente encontrado
Distribuição das Pontuações
Porcentagem de Pessoas com Cada Pontuação
Percentil de Números Respondidos
Sua Pontuação Histórica
Você não jogou esse quiz